Codes of Conduct for Elections : (Record no. 355)
[ view plain ]
| 000 -LEADER | |
|---|---|
| fixed length control field | 01010cam a2200301 a 4500 |
| 001 - CONTROL NUMBER | |
| control field | 1206325 |
| 003 - CONTROL NUMBER IDENTIFIER | |
| control field | OSt |
| 005 - DATE AND TIME OF LATEST TRANSACTION | |
| control field | 20230605120654.0 |
| 008 - FIXED-LENGTH DATA ELEMENTS--GENERAL INFORMATION | |
| fixed length control field | 980624s1998 sz b 000 0 eng |
| 010 ## - LIBRARY OF CONGRESS CONTROL NUMBER | |
| LC control number | 98164025 |
| 020 ## - INTERNATIONAL STANDARD BOOK NUMBER | |
| International Standard Book Number | 9291420395 |
| 040 ## - CATALOGING SOURCE | |
| Original cataloging agency | DLC |
| Transcribing agency | DLC |
| Modifying agency | DLC |
| 050 00 - LIBRARY OF CONGRESS CALL NUMBER | |
| Classification number | K3293 |
| Item number | .G655 1998 |
| 082 00 - DEWEY DECIMAL CLASSIFICATION NUMBER | |
| Classification number | 324.7 |
| Item number | GIL |
| 100 2# - MAIN ENTRY--PERSONAL NAME | |
| Personal name | Goodwin-Gill, Guy S. |
| 245 10 - TITLE STATEMENT | |
| Title | Codes of Conduct for Elections : |
| Remainder of title | a Study Prepared for the Inter-Parliamentary Union / |
| Statement of responsibility, etc. | by Guy S. Goodwin-Gill. |
| 260 ## - PUBLICATION, DISTRIBUTION, ETC. (IMPRINT) | |
| Place of publication, distribution, etc. | [Geneva] : |
| Name of publisher, distributor, etc. | Inter-parliamentary Union, |
| Date of publication, distribution, etc. | 1998. |
| 300 ## - PHYSICAL DESCRIPTION | |
| Extent | x, 144 p. ; |
| Dimensions | 24 cm. |
| 504 ## - BIBLIOGRAPHY, ETC. NOTE | |
| Bibliography, etc | Includes bibliographical references (p. [135]-144). |
| 650 #0 - SUBJECT ADDED ENTRY--TOPICAL TERM | |
| Topical term or geographic name as entry element | Election law. |
| 650 #0 - SUBJECT ADDED ENTRY--TOPICAL TERM | |
| Topical term or geographic name as entry element | Political campaigns. |
| 650 #0 - SUBJECT ADDED ENTRY--TOPICAL TERM | |
| Topical term or geographic name as entry element | Elections |
| General subdivision | Corrupt practices. |
| 650 #0 - SUBJECT ADDED ENTRY--TOPICAL TERM | |
| Topical term or geographic name as entry element | Election monitoring. |
| 710 2# - ADDED ENTRY--CORPORATE NAME | |
| Corporate name or jurisdiction name as entry element | Inter-parliamentary Union. |
| 906 ## - LOCAL DATA ELEMENT F, LDF (RLIN) | |
| a | 7 |
| b | cbc |
| c | orignew |
| d | 3 |
| e | ncip |
| f | 19 |
| g | y-gencatlg |
| 942 ## - ADDED ENTRY ELEMENTS (KOHA) | |
| Source of classification or shelving scheme | Dewey Decimal Classification |
| Koha item type | Books |
| Withdrawn status | Lost status | Source of classification or shelving scheme | Damaged status | Not for loan | Home library | Current library | Date acquired | Total Checkouts | Full call number | Barcode | Date last seen | Price effective from | Koha item type |
|---|---|---|---|---|---|---|---|---|---|---|---|---|---|
| Dewey Decimal Classification | Bunge Tower Library | Bunge Tower Library | 06/05/2023 | 324.7 GIL | 10015724 | 06/05/2023 | 06/05/2023 | Books | |||||
| Dewey Decimal Classification | County Hall Archives | County Hall Archives | 06/20/2023 | 324.7 GIL | 10001984 | 06/20/2023 | 06/20/2023 | Books | |||||
| Dewey Decimal Classification | County Hall Archives | County Hall Archives | 06/20/2023 | 324.7 GIL | 10011311 | 06/20/2023 | 06/20/2023 | Books |
